Sports Quiz

Random Sports or Football Quiz
Score 0/20 Timer 07:00
0 Plays Today
% Correct
Carlos Zambrano
82.4%
Barry Zito
79.6%
Jordan Zimmermann
74.1%
Ben Zobrist
74.1%
Todd Zeile
73.1%
Henrik Zetterberg
73.1%
Gregg Zaun
69.4%
Tyler Zeller
68.5%
Sergei Zubov
68.5%
Gary Zimmerman
64.8%
% Correct
Wang Zhizhi
60.2%
Scott Zolak
56.5%
Dave Zastudil
50.9%
Tom Zbikowski
50%
Tony Zendejas
48.1%
Zarley Zalapski
47.2%
Mats Zuccarello
45.4%
Jeff Zgonina
36.1%
Carl Zander
34.3%
Rick Zombo
32.4%
Remove Ads.
Support Sporcle.
Get the best of Sporcle when you Go Orange. This ad-free experience offers more features, more stats, and more fun while also helping to support Sporcle. Thank you for becoming a member.

You're not logged in!

Compare scores with friends on all Sporcle quizzes.
OR
Log In

Show Comments

Extras

Top Quizzes Today


Score Distribution

Your Account Isn't Verified!

In order to create a playlist on Sporcle, you need to verify the email address you used during registration. Go to your Sporcle Settings to finish the process.

Report this User

Report this user for behavior that violates our Community Guidelines.

Details: